University towns in Slovakia

Analýza rozmiestnenia univerzít a študentov v mestách na Slovensku.

Salvato in:
Dettagli Bibliografici
Autore principale: Sekelský, Lukáš
Natura: Capitolo di libro
Lingua:inglese
Soggetti:
Tags: Aggiungi Tag
Nessun Tag, puoi essere il primo ad aggiungerne!!

MARC

LEADER 00000naa a2200000 4500
001 0205713
005 20240502073426.2
041 0 |a eng 
044 |a SK 
245 1 0 |a University towns in Slovakia  |c Lukáš Sekelský 
520 |a Analýza rozmiestnenia univerzít a študentov v mestách na Slovensku. 
610 2 0 |a vzdelávanie vysokoškolské 
610 2 0 |a univerzity 
610 2 0 |a školy vysoké 
610 2 0 |a študenti 
610 2 0 |a analýzy 
610 2 0 |a mestá 
610 2 0 |a Slovensko 
100 1 |a Sekelský, Lukáš